|
|
|
|
| LEADER |
00000nam a22000007a 4500 |
| 005 |
20150811011222.0 |
| 007 |
cr|||| |||| |
| 008 |
150811s2015 cu |||||s|||| 00||0 spa d |
| 020 |
|
|
|a 978-959-7219-24-8
|
| 035 |
|
|
|a 12779
|
| 040 |
|
|
|a vLex
|
| 090 |
|
|
|c 5516
|d 5516
|
| 100 |
1 |
|
|a Goite Pierre, Mayda
|
| 245 |
1 |
0 |
|a Globalizacin̤, Delincuencia organizada, Expansionismo penal y Derecho penal econm̤ico en el siglo XXI
|h [Recurso electrn̤ico] /
|c Mayda Goite Pierre
|
| 256 |
|
|
|a Servicio en ln̕ea
|
| 260 |
|
|
|a La Habana:
|b Unin̤ Nacional de Juristas de Cuba,
|c 2015
|
| 300 |
|
|
|a 1 recurso electrn̤ico
|
| 506 |
1 |
|
|a Disponible solo en los productos indicados
|d vLex Global
|d vLex Global (Academic Edition, excluding Law Schools)
|d vLex Global (U.S. Academic Edition, Law Schools)
|d vLex Global (U.S. Academic Edition, excluding Law Schools)
|d vLex Global (Academic Edition, Law Schools)
|
| 650 |
0 |
4 |
|a Derecho Penal
|z Cuba
|
| 740 |
0 |
|
|a vLex Libros (Servicio en ln̕ea)
|
| 856 |
4 |
0 |
|u http://vlex.com/source/globalizacion-delincuencia-organizada-expansionismo-penal-derecho-penal-economico-siglo-xxi-12779
|z Acceso restringido
|
| 942 |
|
|
|c BOOK
|
| 999 |
0 |
|
|a Criminal Law
|